000 00698nam a2200193 a 4500
003 0
005 20250226075840.0
008 101013s19uu xx 00 eng d
050 _aPHS GT 518
_b.D37 2010
100 _aDela Cruz, Christine Joy.
245 _aFashion consciousness and identity construction /
_cChristine Joy Dela Cruz.
260 _aLas PiƱas City, Philippines :
_bSouthville International School and Colleges,
_c2010.
300 _a29 pages :
_billustrations ;
_c30 cm.
504 _aIncludes bibliographical references.
650 _aClothing and dress
_xPsychological aspects.
650 _aFashion
_xSocial aspects.
650 _aSelf-identity and fashion.
942 _2lcc
_cPASS
999 _c98440
_d98440